000 00279nam a22001217a 4500
008 160429b xxu||||| |||| 00| 0 eng d
020 _a9780803614475
020 _a0803614470
041 _aeng
080 _a618.2
245 _aNursing now:
_cJoseph T. Catalano;
942 _2udc
_cBK
999 _c1674
_d1674